Cidades mineiras pelo ano de emancipação! - Statistics

Estatísticas Gerais
  • Esse quiz foi jogado 17 vezes
  • A pontuação média é 17 de 31
Estatísticas das Respostas
Ano de emancipação Cidade % Correto
12 de dezembro de 1897 Belo Horizonte
94%
31 de janeiro de 1937 Governador Valadares
82%
31 de maio de 1850 Juiz de Fora
82%
08 de julho de 1711 Ouro Preto
82%
31 de agosto de 1888 Uberlândia
82%
17 de dezembro de 1938 Betim
76%
03 de julho de 1857 Montes Claros
76%
08 de dezembro de 1713 São João del-Rei
76%
22 de fevereiro de 1836 Uberaba
76%
30 de agosto de 1911 Contagem
71%
16 de julho de 1696 Mariana
71%
06 de março de 1831 Diamantina
65%
1º de Junho de 1912 Divinópolis
65%
29 de abril de 1964 Ipatinga
59%
30 de novembro de 1880 Sete Lagoas
59%
07 de outubro de 1882 Varginha
59%
17 de dezembro de 1938 Congonhas
53%
14 de maio de 1858 Santa Luzia
53%
09 de dezembro de 1878 Teófilo Otoni
53%
19 de dezembro de 1865 Araxá
47%
06 de novembro de 1872 Poços de Caldas
47%
12 de dezembro de 1953 Ribeirão das Neves
47%
19 de janeiro de 1718 Tiradentes
47%
19 de março de 1819 Itajubá
41%
14 de maio de 1858 Passos
41%
20 de setembro de 1859 Pará de Minas
35%
24 de maio de 1892 Patos de Minas
35%
20 de outubro de 1798 Paracatu
24%
07 de setembro de 1877 Cataguases
12%
06 de março de 1838 Serro
6%
09 de junho de 1715 Pitangui
0%
Nenhum quiz correspondente encontrado
Distribuição das Pontuações
Porcentagem de Pessoas com Cada Pontuação
Percentil de Números Respondidos
Sua Pontuação Histórica
Você não jogou esse quiz